000 00687nam a22002177a 4500
003 DO-SdBNP
005 20171128150157.0
008 171128b 1969 sp ||||| |||| 00| 0 spa d
040 _aBPMSU
_bspa
_cBPMSU
092 _axxxx
_bxxxx
100 1 _aUnamuno, Miguel de,
_d1864-1936.
245 1 0 _aLa tía Tula /
_cMiguel de Unamuno ; prólogo de Julián Marías.
260 _aBarcelona :
_bSalvat,
_c1969.
300 _a185 p. ;
_c19 cm.
490 1 _aBiblioteca básica salvat. Libro RTV
_v1
700 1 2 _aMarías, Julián,
_epról.
830 0 _aBiblioteca básica salvat. Libro RTV
_v1
910 _aInventariado 2017
942 _2ddc
_cBK
956 _aLOPEREZ
_b10
_c20171128
_d0041
999 _c13180
_d13180